| 000 | 01019nam a22002537a 4500 | ||
|---|---|---|---|
| 999 |
_c63742 _d63742 |
||
| 005 | 20240530110656.0 | ||
| 008 | 171221s2016 ua g b 000 0 ara d | ||
| 017 |
_a2014/17499 _bمصر. دار الكتب |
||
| 020 | _a9789770530092 | ||
| 040 |
_aEG-CaGPL _cEG-CaGPL |
||
| 082 | 0 | 4 |
_221 _a371.9 / _bف ص |
| 100 | 0 | _aفكرى لطيف متولى | |
| 245 | 1 | 0 |
_aصعوبات التعلم للمبتكرين والموهوبين / _cاعداد فكرى لطيف متولى ، شتوى مبارك القحطانى |
| 260 |
_aالقاهرة : _bمكتبة الانجلو المصرية ، _c2016. |
||
| 300 |
_a210 ص. ؛ _c24 سم. |
||
| 504 | _aيشتمل على ارجاعات ببليوجرافية | ||
| 650 | 0 | 7 |
_2qrmak _aالتعليم _xطرق التدريس |
| 650 | 0 | 7 |
_2qrmak _aالتعليم _xطرق القياس |
| 651 | _2qrmak | ||
| 653 | 0 | _aصعوبات التعلم | |
| 700 | 0 |
_aشتوى مبارك القحطانى _eمعد |
|
| 942 |
_2ddc _cBK |
||